El recurso de casación en materia civil: derecho chileno y comparado

Kaydedildi:
Detaylı Bibliyografya
Yazar: Paillas Peña, Enrique (autor)
Materyal Türü: Kitap
Dil:İspanyolca
Baskı/Yayın Bilgisi: Santiago Jurídica 2008
Edisyon:1a. ed
Konular:
Etiketler: Etiketle
Etiket eklenmemiş, İlk siz ekleyin!

MARC

LEADER 00000nam a2200000 a 4500
001 UCI8620
003 CL-VaPUC
008 080911e20080000CL |||||||||||||||||spa|d
020 |a 9789561018709 
082 0 4 |a 347.83077  |b PAI  |2 21 
100 |a Paillas Peña, Enrique  |e autor  |9 768803 
245 1 3 |a El recurso de casación en materia civil: derecho chileno y comparado 
250 |a 1a. ed 
300 |a 182 p 
942 |c BK 
945 |d 20080911 00:00:00  |a jtorresc 
260 |a Santiago  |b Jurídica  |c 2008 
650 0 |a Recurso de casación  |9 258890 
650 7 |a CODIGO DE PPROCEDIMIENTO PENAL  |2 CL-VaPUC  |9 532139 
650 0 |a Jurisprudencia  |9 255952 
650 7 |a CASACION DE LA FORMA  |2 CL-VaPUC  |9 532140 
650 7 |a COSAS JUZGADA  |2 CL-VaPUC  |9 532141 
583 |a last modification  |c 20080911 00:00:00  |k Rodrigo Vera 
999 |c 331436  |d 331434 
952 |0 0  |1 0  |4 0  |6 347_830770000000000_PAI_2008  |7 0  |8 A  |9 418095  |a BIBDER  |b BIBDER  |d 2019-11-22  |i 4481453  |l 2  |o 347.83077 PAI 2008  |p 4481453  |r 2024-07-31  |s 2024-07-11  |w 2019-11-22  |y BK  |k DER 
952 |0 0  |1 0  |4 0  |6 347_830770000000000_PAI_2008  |7 0  |8 A  |9 418096  |a BIBDER  |b BIBDER  |d 2019-11-22  |i 4484339  |o 347.83077 PAI 2008  |p 4484339  |r 2023-01-25  |w 2019-11-22  |y BK  |k DER